Normal view
MARC view
- DAFT,RICHARD L/STEPHEN R. HIATT
Entry Personal Name
001 - CONTROL NUMBER
- control field: 2970
003 - CONTROL NUMBER IDENTIFIER
- control field: JO-AjAnu
005 - DATE AND TIME OF LATEST TRANSACTION
- control field: 20230606070806.0
008 - FIXED-LENGTH DATA ELEMENTS
- fixed length control field: 230606|| aca||aabn | a|a d
040 ## - CATALOGING SOURCE
- Original cataloging agency: JO-AjAnu
- Transcribing agency: JO-AjAnu
100 ## - HEADING--PERSONAL NAME
- Personal name: DAFT,RICHARD L/STEPHEN R. HIATT
670 ## - SOURCE DATA FOUND
- Source citation: Work cat.: (JO-AjAnu)1556: DAFT,RICHARD L/STEPHEN R. HIATT, author, Organization Theory and Design